Szczegóły MARC21

Wirtschaftsinformatik Bd.1, Grundlagen betrieblicher Informationsverabeitung /

005 -DATA I CZAS OSTATNIEJ MODYFIKACJI [,]
    • @
    • pole kontrolne
    • 20070315155141.9
020 -Międzynarod. znormalizowany nr książki - ISBN [ , ]
    • a
    • Numer ISBN
    • 3828200168 Find
    • z
    • Błędny ISBN (P)
    • 3825208028 Find
040 -Instytucja sporządzająca opis [ , ]
    • a
    • Instytucja, która sporządziła opis (NP)
    • SZCZ U
    • c
    • Instytucja, która sporządziła rekord (NP)
    • SZCZ U
041 -Język dokumentu [0, ]
    • a
    • Język tekstu (P)
    • niemiecki
    • h
    • Język tekstu oryginalnego i/lub pośredniego (P)
    • niemiecki
942 -Rodzaj dokumentu [ , ]
    • c
    • Rodzaj dokumentu
    • Książka
100 -Hasło główne - nazwa osobowa [ , ]
    • a
    • Nazwa osobowa (NP)
    • HANSEN, HANS ROBERT
245 -Strefa tytułu i oznaczenia odpowiedzialności [1, ]
    • a
    • Tytuł
    • Wirtschaftsinformatik Find
    • n
    • Oznaczenie części (P)
    • Bd.1,
    • p
    • Nazwa części (P)
    • Grundlagen betrieblicher Informationsverabeitung /
    • c
    • Pozostałe elementy strefy tytułu i oznaczenia odpowiedzialności (NP)
    • Hans Robert Hansen.
260 -Strefa adresu wydawniczego [ , ]
    • a
    • Miejsce wydania (P)
    • Stuttgart :
    • b
    • Nazwa wydawcy (P)
    • Lucius und Lucius,
    • c
    • Data wydania (P)
    • 1998.
300 -Strefa opisu fizycznego [ , ]
    • a
    • Określenie formy książki i/lub objętość (NP)
    • XVI,1186 s :
    • b
    • Oznaczenie ilustracji (NP)
    • il :
    • c
    • Format (NP)
    • 19 cm.
490 -Strefa serii i książki wielotomowej - forma nie do wyszukiwania [0, ]
    • a
    • Tytuł (P)
    • (Uni-Taschenbücher : UTB für Wissenschaft ; Find
    • v
    • Numeracja (P)
    • 802)
490 -Strefa serii i książki wielotomowej - forma nie do wyszukiwania [0, ]
    • a
    • Tytuł (P)
    • (Grundwissen der Ökonomik : Betriebswirtschftslehre) Find
500 -Uwaga ogólna [ , ]
    • a
    • Uwaga ogólna (NP)
    • T. pochodzą z różnych wydańInd
080 -Uniwersalna Klasyfikacja Dziesiętna [ , ]
    • a
    • Symbol klasyfikacji
    • 330.47=30
980 -Symbol UKD [ , ]
    • a
    • UKD
    • 330.47=30
920 -ISBN [ , ]
    • a
    • ISBN
    • 3-8282-0016-8 Find
    • z
    • Błędny ISBN
    • 3-8252-0802-8 Find
Status udost. Numer inwentarzowy Sygnatura Lokalizacja Data inwentaryzacji
-2S.87383FUNDACJA POLSKO-NIEMIECKABE2000-12-19
-6S.87507FUNDACJA POLSKO-NIEMIECKABE2001-01-11